[Event "Praha"]
[Site "?"]
[Date "2023.01.07"]
[Round "2.20"]
[White "Stevik, Patrik"]
[Black "Lauda, Alexandr"]
[Result "1-0"]
[BlackElo "2032"]
[WhiteElo "2222"]
[LiveChessVersion "1.4.8"]

1. Nf3 {[%clk 1:29:20]} Nf6 {[%clk 1:30:55]} 2. g3 {[%clk 1:29:10]} g6
{[%clk 1:31:20]} 3. Bg2 {[%clk 1:29:34]} Bg7 {[%clk 1:31:46]} 4. O-O
{[%clk 1:30:01]} O-O {[%clk 1:32:07]} 5. d4 {[%clk 1:30:23]} d6 {[%clk 1:32:28]}
6. b3 {[%clk 1:30:47]} b5 {[%clk 1:32:27]} 7. Ne1 {[%clk 1:30:37]} c6
{[%clk 1:32:03]} 8. Bb2 {[%clk 1:30:33]} Qc7 {[%clk 1:31:38]} 9. Nd3
{[%clk 1:30:32]} Nbd7 {[%clk 1:31:34]} 10. Nd2 {[%clk 1:29:52]} Bb7
{[%clk 1:28:22]} 11. c4 {[%clk 1:29:19]} bxc4 {[%clk 1:27:45]} 12. bxc4
{[%clk 1:24:29]} c5 {[%clk 1:25:07]} 13. d5 {[%clk 1:24:08]} e5 {[%clk 1:21:17]}
14. f4 {[%clk 1:17:01]} Ng4 {[%clk 1:15:50]} 15. Rf3 {[%clk 1:16:43]} f5
{[%clk 1:15:41]} 16. e4 {[%clk 1:14:49]} Rae8 {[%clk 1:10:59]} 17. h3
{[%clk 1:10:32]} Nh6 {[%clk 0:56:43]} 18. Qc2 {[%clk 1:03:09]} fxe4
{[%clk 0:55:59]} 19. Nxe4 {[%clk 1:03:37]} Nf5 {[%clk 0:56:22]} 20. Raf1
{[%clk 0:41:52]} Nd4 {[%clk 0:45:56]} 21. Bxd4 {[%clk 0:42:14]} cxd4
{[%clk 0:46:22]} 22. fxe5 {[%clk 0:35:58]} Bxd5 {[%clk 0:39:10]} 23. Rxf8+
{[%clk 0:34:21]} Rxf8 {[%clk 0:36:53]} 24. Rxf8+ {[%clk 0:34:11]} Bxf8
{[%clk 0:37:06]} 25. Nxd6 {[%clk 0:33:48]} Be6 {[%clk 0:34:31]} 26. c5
{[%clk 0:22:41]} Nxe5 {[%clk 0:31:16]} 27. Qe2 {[%clk 0:22:17]} Bg7
{[%clk 0:31:11]} 28. Ne8 {[%clk 0:21:16]} Qb8 {[%clk 0:25:58]} 29. Nxg7
{[%clk 0:20:19]} Nxd3 {[%clk 0:25:59]} 30. Nxe6 {[%clk 0:17:22]} Qxg3
{[%clk 0:26:13]} 31. Nxd4 {[%clk 0:16:46]} Nf4 {[%clk 0:25:19]} 32. Qe8+
{[%clk 0:17:11]} Kg7 {[%clk 0:25:47]} 33. Ne6+ {[%clk 0:17:35]} Kh6
{[%clk 0:26:11]} 34. Qf8+ {[%clk 0:18:00]} 1-0

[Event "Praha"]
[Site "?"]
[Date "2023.01.07"]
[Round "3.1"]
[White "Jun, Rudolf"]
[Black "Chen, Qi b"]
[Result "0-1"]
[BlackElo "2484"]
[WhiteElo "2177"]
[LiveChessVersion "1.4.8"]

1. e4 {[%clk 1:30:56]} c5 {[%clk 1:30:55]} 2. Nf3 {[%clk 1:31:10]} e6
{[%clk 1:31:21]} 3. c4 {[%clk 1:30:56]} Nc6 {[%clk 1:31:47]} 4. Nc3
{[%clk 1:31:16]} Nd4 {[%clk 1:32:05]} 5. d3 {[%clk 1:30:17]} Ne7 {[%clk 1:32:28]}
6. Be2 {[%clk 1:28:47]} Nec6 {[%clk 1:32:53]} 7. O-O {[%clk 1:27:42]} Be7
{[%clk 1:32:16]} 8. Nb5 {[%clk 1:25:14]} O-O {[%clk 1:15:03]} 9. a3
{[%clk 1:20:29]} Nxf3+ {[%clk 1:07:16]} 10. Bxf3 {[%clk 1:20:09]} a6
{[%clk 1:07:42]} 11. Nc3 {[%clk 1:20:13]} Bf6 {[%clk 1:07:52]} 12. Ne2
{[%clk 1:15:16]} b5 {[%clk 1:01:37]} 13. cxb5 {[%clk 1:09:17]} axb5
{[%clk 1:01:48]} 14. Qc2 {[%clk 1:09:18]} c4 {[%clk 0:56:53]} 15. dxc4
{[%clk 1:06:01]} bxc4 {[%clk 0:57:14]} 16. Bf4 {[%clk 1:03:04]} Ne5
{[%clk 0:53:29]} 17. Bxe5 {[%clk 0:56:16]} Bxe5 {[%clk 0:53:36]} 18. Rfd1
{[%clk 0:56:00]} Ba6 {[%clk 0:51:57]} 19. Nc3 {[%clk 0:53:34]} d6
{[%clk 0:47:10]} 20. g3 {[%clk 0:53:07]} Qf6 {[%clk 0:45:51]} 21. Bg2
{[%clk 0:51:36]} Rab8 {[%clk 0:44:43]} 22. f4 {[%clk 0:47:50]} Bd4+
{[%clk 0:44:12]} 23. Kh1 {[%clk 0:48:13]} Rb3 {[%clk 0:35:39]} 24. Qd2
{[%clk 0:45:26]} e5 {[%clk 0:33:21]} 25. Rac1 {[%clk 0:39:40]} Rfb8
{[%clk 0:32:24]} 26. Rc2 {[%clk 0:39:24]} Qd8 {[%clk 0:30:36]} 27. f5
{[%clk 0:37:57]} h6 {[%clk 0:30:18]} 28. Nd5 {[%clk 0:36:16]} Rxb2
{[%clk 0:22:39]} 29. f6 {[%clk 0:35:39]} c3 {[%clk 0:22:21]} 30. Nxc3
{[%clk 0:35:13]} Rxc2 {[%clk 0:22:36]} 31. Qxc2 {[%clk 0:35:35]} Qc8
{[%clk 0:21:40]} 0-1

[Event "Praha"]
[Site "?"]
[Date "2023.01.07"]
[Round "3.2"]
[White "Neuman, Petr"]
[Black "Koridze, Lile"]
[Result "1/2-1/2"]
[BlackElo "2139"]
[WhiteElo "2393"]
[LiveChessVersion "1.4.8"]

1. d4 {[%clk 1:30:51]} Nf6 {[%clk 1:30:55]} 2. c4 {[%clk 1:31:15]} e6
{[%clk 1:31:22]} 3. Nc3 {[%clk 1:31:37]} Bb4 {[%clk 1:31:48]} 4. Qc2
{[%clk 1:31:58]} O-O {[%clk 1:32:05]} 5. a3 {[%clk 1:32:24]} Bxc3+
{[%clk 1:32:25]} 6. Qxc3 {[%clk 1:32:50]} b6 {[%clk 1:32:11]} 7. Bg5
{[%clk 1:33:12]} c5 {[%clk 1:30:48]} 8. e3 {[%clk 1:28:16]} Bb7 {[%clk 1:23:52]}
9. f3 {[%clk 1:26:05]} d6 {[%clk 1:21:25]} 10. Bd3 {[%clk 1:26:04]} Nbd7
{[%clk 1:20:55]} 11. Ne2 {[%clk 1:26:24]} Rc8 {[%clk 1:13:15]} 12. Qb3
{[%clk 1:26:06]} Qc7 {[%clk 1:11:35]} 13. Bh4 {[%clk 1:24:21]} cxd4
{[%clk 1:09:00]} 14. exd4 {[%clk 1:21:25]} d5 {[%clk 1:05:58]} 15. cxd5
{[%clk 1:18:53]} Bxd5 {[%clk 1:04:31]} 16. Qa4 {[%clk 1:18:56]} Bc4
{[%clk 0:58:46]} 17. Bg3 {[%clk 0:53:13]} Qc6 {[%clk 0:58:53]} 18. Qxc6
{[%clk 0:53:28]} Rxc6 {[%clk 0:59:19]} 19. Rc1 {[%clk 0:53:38]} Rfc8
{[%clk 0:59:16]} 20. Bb1 {[%clk 0:53:17]} b5 {[%clk 0:54:09]} 21. Nc3
{[%clk 0:39:57]} Bb3 {[%clk 0:49:23]} 22. Kd2 {[%clk 0:36:20]} a6
{[%clk 0:46:32]} 23. Ne4 {[%clk 0:35:32]} Nxe4+ {[%clk 0:43:57]} 24. Bxe4
{[%clk 0:33:30]} Bd5 {[%clk 0:41:46]} 25. Rxc6 {[%clk 0:27:16]} Rxc6
{[%clk 0:42:08]} 26. Bxd5 {[%clk 0:26:59]} exd5 {[%clk 0:42:33]} 27. Re1
{[%clk 0:27:23]} Kf8 {[%clk 0:40:49]} 28. Re3 {[%clk 0:27:41]} Nb6
{[%clk 0:33:15]} 29. b3 {[%clk 0:27:58]} Nc8 {[%clk 0:32:48]} 30. Kd3
{[%clk 0:26:50]} Ne7 {[%clk 0:30:47]} 31. Be1 {[%clk 0:23:40]} Re6
{[%clk 0:26:02]} 32. Rxe6 {[%clk 0:23:15]} fxe6 {[%clk 0:26:28]} 33. Bb4
{[%clk 0:23:39]} Kf7 {[%clk 0:26:46]} 34. Bxe7 {[%clk 0:24:04]} Kxe7
{[%clk 0:27:14]} 35. f4 {[%clk 0:22:32]} Kf6 {[%clk 0:26:43]} 36. Ke3
{[%clk 0:22:42]} a5 {[%clk 0:24:27]} 37. Kf3 {[%clk 0:22:38]} g6 {[%clk 0:23:11]}
38. g4 {[%clk 0:22:54]} h6 {[%clk 0:23:24]} 39. b4 {[%clk 0:21:07]} a4
{[%clk 0:23:30]} 40. h3 {[%clk 0:21:18]} Kf7 {[%clk 0:20:34]} 41. Kg3
{[%clk 0:19:55]} Kf6 {[%clk 0:20:34]} 42. Kf3 {[%clk 0:20:04]} 1/2-1/2

[Event "Praha"]
[Site "?"]
[Date "2023.01.07"]
[Round "3.3"]
[White "Garsky, Vladyslav"]
[Black "Carlsson, Ludvig"]
[Result "1/2-1/2"]
[BlackElo "2349"]
[WhiteElo "2169"]
[LiveChessVersion "1.4.8"]

1. e4 {[%clk 1:30:56]} e6 {[%clk 1:30:42]} 2. d4 {[%clk 1:29:42]} d5
{[%clk 1:30:58]} 3. Nd2 {[%clk 1:23:57]} c5 {[%clk 1:30:00]} 4. Ngf3
{[%clk 1:22:04]} a6 {[%clk 1:29:25]} 5. c4 {[%clk 1:13:56]} dxc4 {[%clk 1:11:31]}
6. Nxc4 {[%clk 1:11:38]} b5 {[%clk 1:10:21]} 7. Nce5 {[%clk 1:10:49]} cxd4
{[%clk 0:58:27]} 8. Qxd4 {[%clk 1:10:33]} Qxd4 {[%clk 0:58:02]} 9. Nxd4
{[%clk 1:09:01]} Bb7 {[%clk 0:57:33]} 10. f3 {[%clk 1:08:41]} Bd6
{[%clk 0:53:19]} 11. Nd3 {[%clk 1:08:07]} Nc6 {[%clk 0:51:18]} 12. Nxc6
{[%clk 1:02:40]} Bxc6 {[%clk 0:51:45]} 13. Be3 {[%clk 0:58:40]} e5
{[%clk 0:47:52]} 14. Rc1 {[%clk 0:57:27]} Ne7 {[%clk 0:46:15]} 15. Be2
{[%clk 0:52:50]} f6 {[%clk 0:45:06]} 16. Bd1 {[%clk 0:49:56]} a5 {[%clk 0:39:07]}
17. a3 {[%clk 0:49:11]} a4 {[%clk 0:36:32]} 18. Bc5 {[%clk 0:49:12]} Kd7
{[%clk 0:33:16]} 19. Be2 {[%clk 0:45:56]} Rhd8 {[%clk 0:32:15]} 20. Kf2
{[%clk 0:45:08]} Ke6 {[%clk 0:30:15]} 21. Ke3 {[%clk 0:43:31]} Kf7
{[%clk 0:27:15]} 22. Rc3 {[%clk 0:38:51]} Be8 {[%clk 0:25:07]} 23. Nb4
{[%clk 0:35:24]} f5 {[%clk 0:20:21]} 24. Rhc1 {[%clk 0:28:01]} f4+
{[%clk 0:18:14]} 25. Kf2 {[%clk 0:28:27]} Ke6 {[%clk 0:18:38]} 26. Bd3
{[%clk 0:26:26]} Rac8 {[%clk 0:18:14]} 27. Ke2 {[%clk 0:26:34]} Bxc5
{[%clk 0:09:15]} 28. Rxc5 {[%clk 0:26:51]} Rxc5 {[%clk 0:09:39]} 29. Rxc5
{[%clk 0:27:13]} Kd6 {[%clk 0:10:05]} 30. Rc3 {[%clk 0:26:48]} Rc8
{[%clk 0:10:18]} 31. Kd2 {[%clk 0:26:27]} Rxc3 {[%clk 0:08:31]} 32. Kxc3
{[%clk 0:26:54]} Kc5 {[%clk 0:08:55]} 33. Bf1 {[%clk 0:26:19]} Nc6
{[%clk 0:09:12]} 34. Nxc6 {[%clk 0:26:41]} Bxc6 {[%clk 0:09:38]} 35. Be2
{[%clk 0:26:54]} g5 {[%clk 0:10:00]} 36. Bd1 {[%clk 0:22:48]} Bd7
{[%clk 0:08:44]} 37. h3 {[%clk 0:17:37]} h5 {[%clk 0:08:25]} 38. b4+
{[%clk 0:17:33]} axb3 {[%clk 0:08:41]} 39. Bxb3 {[%clk 0:17:56]} g4
{[%clk 0:08:58]} 40. hxg4 {[%clk 0:17:48]} hxg4 {[%clk 0:08:49]} 41. Bd1
{[%clk 0:18:12]} gxf3 {[%clk 0:06:26]} 42. gxf3 {[%clk 0:17:13]} Bh3
{[%clk 0:06:25]} 43. Be2 {[%clk 0:17:35]} Bg2 {[%clk 0:06:50]} 44. Kd3
{[%clk 0:18:01]} b4 {[%clk 0:02:14]} 45. axb4+ {[%clk 0:17:51]} Kxb4
{[%clk 0:02:39]} 46. Kd2 {[%clk 0:17:20]} Bh3 {[%clk 0:30:17]} 47. Bd3
{[%clk 0:47:22]} Bd7 {[%clk 0:30:16]} 48. Bf1 {[%clk 0:47:45]} Bc8
{[%clk 0:29:44]} 49. Bg2 {[%clk 0:48:09]} Kc4 {[%clk 0:30:04]} 50. Bf1+
{[%clk 0:48:22]} Kd4 {[%clk 0:30:29]} 51. Bg2 {[%clk 0:48:49]} Be6
{[%clk 0:29:10]} 52. Bf1 {[%clk 0:49:03]} Bc4 {[%clk 0:29:36]} 53. Bh3
{[%clk 0:49:16]} Bb5 {[%clk 0:29:53]} 54. Bg2 {[%clk 0:49:37]} Bd3
{[%clk 0:30:17]} 55. Bh3 {[%clk 0:49:49]} Ba6 {[%clk 0:29:09]} 56. Bg2
{[%clk 0:50:10]} Bc8 {[%clk 0:29:33]} 57. Bf1 {[%clk 0:50:31]} Bd7
{[%clk 0:29:57]} 58. Bg2 {[%clk 0:50:57]} Be8 {[%clk 0:30:21]} 59. Bf1
{[%clk 0:51:06]} Bf7 {[%clk 0:30:34]} 60. Bh3 {[%clk 0:51:24]} Bh5
{[%clk 0:29:55]} 61. Bg2 {[%clk 0:51:43]} Kc4 {[%clk 0:30:10]} 62. Bf1+
{[%clk 0:51:54]} Kc5 {[%clk 0:30:35]} 63. Bg2 {[%clk 0:52:00]} Kd4
{[%clk 0:30:08]} 64. Bh1 {[%clk 0:52:15]} Be8 {[%clk 0:29:39]} 65. Bg2
{[%clk 0:52:36]} Bd7 {[%clk 0:30:02]} 66. Bf1 {[%clk 0:53:02]} Be6
{[%clk 0:30:23]} 67. Bg2 {[%clk 0:53:25]} Bc8 {[%clk 0:30:49]} 68. Bf1
{[%clk 0:53:51]} Kc5 {[%clk 0:31:14]} 69. Bg2 {[%clk 0:54:15]} Kd6
{[%clk 0:31:38]} 70. Bf1 {[%clk 0:54:23]} Ke7 {[%clk 0:32:04]} 71. Ke1
{[%clk 0:53:58]} Kf6 {[%clk 0:32:28]} 72. Kf2 {[%clk 0:54:25]} Bd7
{[%clk 0:32:19]} 73. Bg2 {[%clk 0:54:40]} Kg5 {[%clk 0:31:13]} 74. Bf1
{[%clk 0:55:03]} Kh4 {[%clk 0:31:35]} 75. Bc4 {[%clk 0:55:10]} Bh3
{[%clk 0:31:50]} 76. Bd3 {[%clk 0:55:36]} Kg5 {[%clk 0:32:14]} 77. Kg1
{[%clk 0:55:27]} Kh5 {[%clk 0:32:19]} 78. Kf2 {[%clk 0:55:53]} Kh4
{[%clk 0:32:39]} 79. Bc4 {[%clk 0:56:18]} Kg5 {[%clk 0:32:47]} 80. Kg1
{[%clk 0:56:38]} Kf6 {[%clk 0:33:14]} 81. Kh2 {[%clk 0:57:01]} Bd7
{[%clk 0:33:29]} 82. Kg2 {[%clk 0:57:21]} Ke7 {[%clk 0:33:51]} 83. Bf1
{[%clk 0:57:36]} Kd6 {[%clk 0:34:07]} 84. Kf2 {[%clk 0:58:01]} Kc5
{[%clk 0:34:31]} 85. Ke1 {[%clk 0:58:13]} Kd4 {[%clk 0:34:49]} 86. Kd2
{[%clk 0:58:42]} Be6 {[%clk 0:34:52]} 87. Bg2 {[%clk 0:59:05]} Bc4
{[%clk 0:35:17]} 88. Bh3 {[%clk 0:59:33]} Bb5 {[%clk 0:35:23]} 89. Bg2
{[%clk 0:59:57]} Bd3 {[%clk 0:35:48]} 90. Bh3 {[%clk 1:00:24]} Bxe4
{[%clk 0:36:09]} 91. fxe4 {[%clk 1:00:49]} Kxe4 {[%clk 0:36:35]} 92. Bc8
{[%clk 0:57:52]} f3 {[%clk 0:36:01]} 93. Bb7+ {[%clk 0:57:52]} Kf4
{[%clk 0:36:25]} 94. Kd3 {[%clk 0:57:58]} Kg3 {[%clk 0:36:08]} 95. Ke4
{[%clk 0:58:21]} f2 {[%clk 0:36:34]} 96. Ba6 {[%clk 0:58:49]} Kg2
{[%clk 0:36:59]} 97. Kxe5 {[%clk 0:59:12]} f1=B 1/2-1/2

[Event "Praha"]
[Site "?"]
[Date "2023.01.07"]
[Round "3.4"]
[White "Smolik, Jachym"]
[Black "Schmidt-Schaeffer, Sebastian"]
[Result "0-1"]
[BlackElo "2340"]
[WhiteElo "2167"]
[LiveChessVersion "1.4.8"]

1. d4 {[%clk 1:30:57]} f5 {[%clk 1:30:45]} 2. e4 {[%clk 1:31:23]} fxe4
{[%clk 1:31:02]} 3. Nc3 {[%clk 1:31:47]} Nf6 {[%clk 1:31:17]} 4. Bg5
{[%clk 1:32:10]} g6 {[%clk 1:31:03]} 5. h4 {[%clk 1:28:43]} d5 {[%clk 1:28:36]}
6. h5 {[%clk 1:20:49]} Bf5 {[%clk 1:18:08]} 7. Bxf6 {[%clk 1:08:13]} exf6
{[%clk 1:18:23]} 8. g4 {[%clk 1:08:39]} Be6 {[%clk 1:18:26]} 9. hxg6
{[%clk 1:09:01]} Nc6 {[%clk 1:07:53]} 10. g5 {[%clk 0:59:34]} Bg7
{[%clk 1:01:42]} 11. Rxh7 {[%clk 0:57:15]} Rg8 {[%clk 0:59:47]} 12. Nh3
{[%clk 0:41:13]} fxg5 {[%clk 0:56:59]} 13. Qh5 {[%clk 0:40:43]} Nxd4
{[%clk 0:49:54]} 14. O-O-O {[%clk 0:38:56]} Qf6 {[%clk 0:35:49]} 15. Nxg5
{[%clk 0:28:07]} Qxf2 {[%clk 0:34:00]} 16. Be2 {[%clk 0:23:06]} Nxe2+
{[%clk 0:26:53]} 17. Nxe2 {[%clk 0:23:33]} Qb6 {[%clk 0:22:38]} 18. Rxg7
{[%clk 0:18:10]} Rxg7 {[%clk 0:22:19]} 19. Qh8+ {[%clk 0:14:24]} Rg8
{[%clk 0:22:40]} 20. Qf6 {[%clk 0:09:39]} Kd7 {[%clk 0:16:34]} 21. Nd4
{[%clk 0:02:46]} Raf8 {[%clk 0:15:06]} 22. Qxe6+ {[%clk 0:03:08]} Qxe6
{[%clk 0:15:21]} 23. Ndxe6 {[%clk 0:03:27]} Rf5 {[%clk 0:14:28]} 24. g7
{[%clk 0:03:55]} Rxg7 {[%clk 0:12:10]} 25. Nxg7 {[%clk 0:01:05]} Rxg5
{[%clk 0:12:33]} 26. c4 {[%clk 0:01:04]} c6 {[%clk 0:12:13]} 27. cxd5
{[%clk 0:01:18]} cxd5 {[%clk 0:12:22]} 28. Kc2 {[%clk 0:01:22]} Ke7
{[%clk 0:06:25]} 29. Kc3 {[%clk 0:01:03]} Kf7 {[%clk 0:06:36]} 30. Kd4
{[%clk 0:01:28]} Kxg7 {[%clk 0:07:00]} 31. Rc1 {[%clk 0:01:12]} Kf6
{[%clk 0:06:58]} 32. Rc7 {[%clk 0:00:47]} Rg7 {[%clk 0:07:16]} 33. Rc5
{[%clk 0:00:37]} Re7 {[%clk 0:05:07]} 34. Rc1 {[%clk 0:00:38]} e3
{[%clk 0:02:23]} 35. Re1 {[%clk 0:00:39]} e2 {[%clk 0:02:23]} 36. Kd3
{[%clk 0:00:58]} Kf5 {[%clk 0:02:36]} 37. Rxe2 {[%clk 0:01:17]} Rxe2
{[%clk 0:02:53]} 38. Kxe2 {[%clk 0:01:46]} Ke4 {[%clk 0:03:10]} 39. Kd2
{[%clk 0:02:14]} Kd4 {[%clk 0:02:52]} 40. Ke2 {[%clk 0:02:37]} a5
{[%clk 0:02:35]} 41. Kd2 {[%clk 0:02:37]} a4 {[%clk 0:02:46]} 42. Ke2
{[%clk 0:00:49]} a3 {[%clk 0:28:34]} 43. bxa3 {[%clk 0:31:12]} Kc3
{[%clk 0:29:00]} 44. a4 {[%clk 0:31:37]} d4 {[%clk 0:25:10]} 0-1

[Event "Praha"]
[Site "?"]
[Date "2023.01.07"]
[Round "3.5"]
[White "Elmi, Saad Abobaker"]
[Black "Wiley, Tom E"]
[Result "1-0"]
[BlackElo "2131"]
[WhiteElo "2326"]
[LiveChessVersion "1.4.8"]

1. e4 {[%clk 1:30:58]} e6 {[%clk 1:30:57]} 2. d4 {[%clk 1:31:18]} d5
{[%clk 1:31:22]} 3. e5 {[%clk 1:31:39]} c5 {[%clk 1:31:47]} 4. c3
{[%clk 1:32:01]} Qb6 {[%clk 1:31:40]} 5. Nf3 {[%clk 1:32:08]} Bd7
{[%clk 1:32:06]} 6. Bd3 {[%clk 1:32:06]} cxd4 {[%clk 1:31:13]} 7. O-O
{[%clk 1:31:51]} Bb5 {[%clk 1:31:21]} 8. cxd4 {[%clk 1:31:45]} Bxd3
{[%clk 1:30:24]} 9. Qxd3 {[%clk 1:31:55]} Nc6 {[%clk 1:30:48]} 10. Nc3
{[%clk 1:31:57]} Nge7 {[%clk 1:29:54]} 11. h4 {[%clk 1:28:21]} Nb4
{[%clk 1:19:51]} 12. Qb5+ {[%clk 1:25:37]} Nec6 {[%clk 1:20:15]} 13. Bd2
{[%clk 1:20:26]} Qxb5 {[%clk 0:47:39]} 14. Nxb5 {[%clk 1:20:28]} Kd7
{[%clk 0:48:04]} 15. a3 {[%clk 1:15:05]} Na6 {[%clk 0:48:13]} 16. Rac1
{[%clk 1:14:37]} Be7 {[%clk 0:44:12]} 17. b4 {[%clk 1:11:57]} Rac8
{[%clk 0:43:05]} 18. Nd6 {[%clk 1:10:35]} Bxd6 {[%clk 0:38:55]} 19. exd6
{[%clk 1:10:46]} f6 {[%clk 0:32:48]} 20. b5 {[%clk 1:10:48]} Nab8
{[%clk 0:33:13]} 21. bxc6+ {[%clk 1:10:46]} Nxc6 {[%clk 0:33:28]} 22. Bf4
{[%clk 1:10:35]} Na5 {[%clk 0:31:53]} 23. Rb1 {[%clk 0:56:20]} b6
{[%clk 0:31:54]} 24. Rb5 {[%clk 0:54:42]} Rc4 {[%clk 0:28:57]} 25. Rxa5
{[%clk 0:31:40]} bxa5 {[%clk 0:29:01]} 26. Rb1 {[%clk 0:31:44]} Kc6
{[%clk 0:11:59]} 27. g3 {[%clk 0:19:36]} g6 28. Kg2 {[%clk 0:17:37]} a4
{[%clk 0:08:27]} 29. Bd2 {[%clk 0:16:13]} Kxd6 {[%clk 0:08:27]} 30. Rb7
{[%clk 0:16:37]} Re8 {[%clk 0:05:01]} 31. Rxa7 {[%clk 0:15:50]} e5
{[%clk 0:05:13]} 32. Ra6+ {[%clk 0:15:31]} Kc7 {[%clk 0:05:03]} 33. Be3
{[%clk 0:14:10]} exd4 {[%clk 0:04:14]} 34. Nxd4 {[%clk 0:13:40]} f5
{[%clk 0:03:55]} 35. Nb5+ {[%clk 0:13:47]} Kb7 {[%clk 0:01:08]} 36. Rb6+
{[%clk 0:13:23]} Ka8 {[%clk 0:01:20]} 37. Nd6 {[%clk 0:13:33]} Rxe3
{[%clk 0:01:39]} 38. fxe3 {[%clk 0:13:22]} Rc3 {[%clk 0:02:02]} 39. Ra6+
{[%clk 0:12:13]} Kb8 {[%clk 0:02:28]} 40. Rxa4 {[%clk 0:12:32]} Rxe3
{[%clk 0:02:48]} 41. Rd4 {[%clk 0:12:31]} Rxa3 {[%clk 0:02:45]} 42. Rxd5
{[%clk 0:12:56]} Re3 {[%clk 0:29:00]} 43. Nc4 {[%clk 0:42:09]} 1-0

[Event "Praha"]
[Site "?"]
[Date "2023.01.07"]
[Round "3.6"]
[White "Warchol, Kamil"]
[Black "Sorm, Daniel"]
[Result "1/2-1/2"]
[BlackElo "2302"]
[WhiteElo "2163"]
[LiveChessVersion "1.4.8"]

1. e4 {[%clk 1:30:57]} c5 {[%clk 1:26:38]} 2. Nf3 {[%clk 1:30:47]} Nc6
{[%clk 1:25:50]} 3. Bb5 {[%clk 1:30:52]} d6 {[%clk 1:26:03]} 4. c3
{[%clk 1:30:03]} Bd7 {[%clk 1:26:02]} 5. d4 {[%clk 1:29:38]} a6 {[%clk 1:20:10]}
6. Bxc6 {[%clk 1:19:23]} Bxc6 {[%clk 1:20:28]} 7. Qe2 {[%clk 1:18:07]} cxd4
{[%clk 1:16:40]} 8. cxd4 {[%clk 1:16:58]} d5 {[%clk 1:07:36]} 9. Ne5
{[%clk 1:07:11]} Bb5 {[%clk 1:05:21]} 10. Qf3 {[%clk 1:05:44]} Nf6
{[%clk 1:04:43]} 11. exd5 {[%clk 1:02:20]} Qxd5 {[%clk 1:04:32]} 12. Qxd5
{[%clk 0:53:30]} Nxd5 {[%clk 1:04:46]} 13. Nc3 {[%clk 0:51:35]} Nxc3
{[%clk 0:53:31]} 14. bxc3 {[%clk 0:51:56]} f6 {[%clk 0:53:47]} 15. a4
{[%clk 0:43:01]} fxe5 {[%clk 0:47:48]} 16. axb5 {[%clk 0:43:11]} exd4
{[%clk 0:48:11]} 17. cxd4 {[%clk 0:36:29]} e6 {[%clk 0:47:43]} 18. Bd2
{[%clk 0:31:48]} Kd7 {[%clk 0:43:25]} 19. bxa6 {[%clk 0:27:30]} Rxa6
{[%clk 0:42:22]} 20. Rb1 {[%clk 0:24:55]} b6 {[%clk 0:40:38]} 21. Ke2
{[%clk 0:23:37]} Bd6 {[%clk 0:40:35]} 22. Rb5 {[%clk 0:22:30]} Rf8
{[%clk 0:36:56]} 23. Rhb1 {[%clk 0:21:09]} Bc7 {[%clk 0:36:23]} 24. Be3
{[%clk 0:18:29]} Rf5 {[%clk 0:33:32]} 25. Rxf5 {[%clk 0:18:04]} exf5
{[%clk 0:33:55]} 26. g3 {[%clk 0:18:14]} Bd8 {[%clk 0:28:44]} 27. h4
{[%clk 0:17:21]} Kc6 {[%clk 0:19:03]} 28. Kd3 {[%clk 0:15:59]} Ra5
{[%clk 0:17:50]} 29. Bd2 {[%clk 0:12:40]} Ra3+ {[%clk 0:14:30]} 30. Kc4
{[%clk 0:11:13]} Ra4+ {[%clk 0:14:35]} 31. Kd3 {[%clk 0:10:13]} Ra3+
{[%clk 0:12:56]} 32. Kc4 {[%clk 0:10:16]} Ra4+ {[%clk 0:06:20]} 33. Kd3
{[%clk 0:10:38]} 1/2-1/2

[Event "Praha"]
[Site "?"]
[Date "2023.01.07"]
[Round "3.7"]
[White "Tobak, Mikhail"]
[Black "Hak, David"]
[Result "1-0"]
[BlackElo "2095"]
[WhiteElo "2297"]
[LiveChessVersion "1.4.8"]

1. e4 {[%clk 1:30:51]} e6 {[%clk 1:30:54]} 2. d3 {[%clk 1:31:09]} d5
{[%clk 1:31:21]} 3. Nd2 {[%clk 1:31:35]} c5 {[%clk 1:31:45]} 4. Ngf3
{[%clk 1:31:56]} Nc6 {[%clk 1:32:07]} 5. g3 {[%clk 1:32:20]} Nf6 {[%clk 1:32:27]}
6. Bg2 {[%clk 1:32:46]} Be7 {[%clk 1:32:52]} 7. O-O {[%clk 1:33:10]} O-O
{[%clk 1:32:49]} 8. Re1 {[%clk 1:33:24]} b5 {[%clk 1:32:36]} 9. e5
{[%clk 1:33:31]} Nd7 {[%clk 1:32:59]} 10. Nf1 {[%clk 1:33:54]} Nd4
{[%clk 1:30:00]} 11. Nxd4 {[%clk 1:29:55]} cxd4 {[%clk 1:30:29]} 12. Qg4
{[%clk 1:29:11]} Kh8 {[%clk 1:17:11]} 13. Qxd4 {[%clk 1:27:15]} Bc5
{[%clk 1:15:05]} 14. Qg4 {[%clk 1:26:24]} Qb6 {[%clk 0:59:25]} 15. Qe2
{[%clk 1:24:33]} Nxe5 {[%clk 0:50:36]} 16. Qxe5 {[%clk 1:24:05]} Bxf2+
{[%clk 0:50:59]} 17. Kh1 {[%clk 1:24:31]} f6 {[%clk 0:49:06]} 18. Qe2
{[%clk 1:22:59]} Bxe1 {[%clk 0:49:22]} 19. Be3 {[%clk 1:21:18]} Qa6
{[%clk 0:38:11]} 20. Qxe1 {[%clk 1:19:58]} Bb7 {[%clk 0:37:49]} 21. d4
{[%clk 1:16:47]} Rac8 {[%clk 0:35:44]} 22. Qd1 {[%clk 1:14:47]} e5
{[%clk 0:22:48]} 23. Nd2 {[%clk 1:12:37]} Qb6 {[%clk 0:17:22]} 24. Nb3
{[%clk 1:10:44]} f5 {[%clk 0:17:25]} 25. Qd2 {[%clk 1:08:13]} Qc7
{[%clk 0:09:26]} 26. dxe5 {[%clk 1:04:02]} Qxc2 {[%clk 0:09:13]} 27. Nd4
{[%clk 1:02:17]} Qxd2 {[%clk 0:08:08]} 28. Bxd2 {[%clk 1:02:40]} Rc4
{[%clk 0:07:08]} 29. Nxb5 {[%clk 1:01:50]} Rc2 {[%clk 0:06:53]} 30. Bf4
{[%clk 1:01:03]} Rxb2 {[%clk 0:06:25]} 31. Nd6 {[%clk 1:00:45]} Bc6
{[%clk 0:05:02]} 32. Rc1 {[%clk 0:59:10]} Ba8 {[%clk 0:04:17]} 33. Re1
{[%clk 0:57:23]} Rfb8 {[%clk 0:03:45]} 34. e6 {[%clk 0:51:16]} Rb1
{[%clk 0:04:05]} 35. Bc1 {[%clk 0:50:31]} Bc6 {[%clk 0:03:45]} 36. e7
{[%clk 0:49:40]} h6 {[%clk 0:03:54]} 37. Kg1 {[%clk 0:49:08]} Kh7
{[%clk 0:01:07]} 38. Nxf5 {[%clk 0:40:20]} Ra1 {[%clk 0:00:47]} 39. Nd4
{[%clk 0:38:39]} Be8 {[%clk 0:00:55]} 40. Bxd5 {[%clk 0:38:04]} Rc8
{[%clk 0:00:43]} 41. Bd2 {[%clk 0:31:23]} Rxe1+ {[%clk 0:00:52]} 42. Bxe1
{[%clk 0:31:47]} Rc5 {[%clk 0:25:39]} 43. Bb3 {[%clk 0:58:07]} a5
{[%clk 0:18:39]} 44. Ne6 {[%clk 0:54:58]} Rc1 {[%clk 0:17:25]} 45. Kf2
{[%clk 0:55:19]} a4 {[%clk 0:17:21]} 46. Bd5 {[%clk 0:55:06]} Kg6
{[%clk 0:13:30]} 47. Bb4 {[%clk 0:53:37]} Kf6 {[%clk 0:05:59]} 48. Bd6
{[%clk 0:52:00]} Rc2+ {[%clk 0:03:59]} 49. Ke3 {[%clk 0:52:12]} Rc8
{[%clk 0:02:29]} 50. Kd4 {[%clk 0:50:38]} g5 {[%clk 0:01:59]} 51. Nc7
{[%clk 0:49:59]} Bd7 {[%clk 0:02:09]} 52. Bb7 {[%clk 0:49:30]} Rg8
{[%clk 0:02:10]} 53. Kc5 {[%clk 0:49:34]} g4 {[%clk 0:01:39]} 54. Bc6 1-0